00274nam a22000977a 4500008004100000082001100041100002100052245003900073260005500112300000900167260601b |||||||| |||| 00| 0 eng d a001842 aNagasampige, A V aSarvamulasabda Nighantuh Vol No 01 aBangalorebPoornaprajna Samshodhana Mandiramc2002 a558p